000 nam a22 7a 4500
999 _c8054
_d8054
008 171125b xxu||||| |||| 00| 0 eng d
100 _aMinnar.D.
_9818
245 _aMaak Joui Eie kaarjies
260 _aTotelberg
_c1995